MARC
| LEADER | 00000 a a2200000 04500 | ||
|---|---|---|---|
| 001 | 18379 | ||
| 003 | |||
| 040 | |||
| 090 | |a 142900 | ||
| 100 | |a Boron, Atilio A | ||
| 245 | |a Tiempos violentos: neoliberalismo, globalización y desigualdad en América Latina / |c Atilio A Boron | ||
| 260 | |a Buenos Aires: |b EUDEBA | ||
| 300 | |a 318 p. | ||
| 500 | |a Disponble en Cd, en No. 194115 | ||
| 700 | |a Comp | ||
| 700 | |a Gambina, Julio | ||
| 700 | |a Comp | ||
| 700 | |a Minsburg, Naúm | ||
| 700 | |a Comp | ||
| 999 | |c 14126 |d 14126 | ||
